| 000 | 00655nam a22002057a 4500 | ||
|---|---|---|---|
| 003 | OSt | ||
| 005 | 20260203070122.0 | ||
| 008 | 260203b |||||||| |||| 00| 0 eng d | ||
| 020 | _a978-971-817-215-5 | ||
| 040 |
_aDWC-Main lib _cOC |
||
| 082 | _aFil. 004.67 R266i 2018 | ||
| 100 | _aReyes, Gregorio | ||
| 245 |
_aInternet and Web page development/ _cGregorio Reyes |
||
| 260 |
_aPhilippines: _bbookstore publishing corp., _cc2018. |
||
| 300 |
_avi, 2212 pages: _billustration; _c26 cm |
||
| 504 | _aIncludes bibliographical references | ||
| 650 | _a1. internet | ||
| 650 | _a2. wide area networks ( networks) | ||
| 942 |
_2ddc _cBK - FIL _kFil. _n0 |
||
| 999 |
_c8206 _d8206 |
||